[Event "16th Battle of Senta Open A"]
[Site "Senta SRB"]
[Date "2012.07.14"]
[Round "1.2"]
[White "Strugnell,C"]
[Black "Balog,I1"]
[Result "0-1"]
[WhiteElo "2234"]
[BlackElo "2542"]

1.e4 e6 2.d4 d5 3.Nc3 Nf6 4.e5 Nfd7 5.f4 c5 6.Nf3 Nc6 7.Be3 Rb8 8.Be2 Qa5
9.O-O b5 10.a3 b4 11.axb4 Qxb4 12.b3 Nxd4 13.Bxd4 cxd4 14.Na4 d3 15.Bxd3 Qxf4
16.Qe1 Be7 17.Qf2 O-O 18.Rae1 Nb6 19.Kh1 g6 20.Nc3 Bb4 21.Ne2 Bxe1 22.Qxe1 Qh6
23.Qg3 Nd7 24.Ned4 Rb6 25.Ra1 Nc5 26.Bf1 Ba6 27.c4 dxc4 28.bxc4 Bb7 29.Nb5 Ne4
30.Qe1 a6 31.Nd6 Nxd6 32.c5 Rb2 33.Qc3 Rf2 34.exd6 Bxf3 35.Kg1 Rxf1+ 36.Rxf1 Bc6  0-1

[Event "22nd HOF Open 2012"]
[Site "Jyvaskyla FIN"]
[Date "2012.07.15"]
[Round "9.5"]
[White "Nyysti,S"]
[Black "Sakalauskas,V"]
[Result "1-0"]
[WhiteElo "2344"]
[BlackElo "2413"]

1.e4 e6 2.d4 d5 3.Nc3 Nf6 4.e5 Nfd7 5.f4 c5 6.Nf3 Nc6 7.Be3 Be7 8.dxc5 Nxc5
9.Qd2 O-O 10.O-O-O b6 11.g3 Bb7 12.Nd4 Rc8 13.Nxc6 Bxc6 14.Bd4 Qd7 15.Qe3 b5
16.Bxc5 d4 17.Bxe7 Qxe7 18.Rxd4 Bxh1 19.Nxb5 Qc5 20.Qd2 Bd5 21.Kb1 Rb8 22.Nc3 Bc6
23.Bc4 Qb6 24.Bb3 Rfd8 25.Rxd8+ Rxd8 26.Qe1 Qd4 27.a4 Qd2 28.Qg1 Qd4 29.Qf1 Qe3
30.Ka2 g6 31.Qc4 Qb6 32.Qe2 Rd4 33.h4 Qd8 34.h5 Rd2 35.Qc4 Qd7 36.hxg6 hxg6
37.Ne4 Bxe4 38.Qxe4 Rd4 39.Qf3 Kg7 40.Qg4 Qe7 41.Qe2 Qd8 42.Qe3 Qb6 43.Qe2 Qc6
44.Qh2 Rd1 45.Qh4 Qh1 46.Qf6+ Kg8 47.Bxe6 Ra1+ 48.Kb3 Qb7+ 49.Kc3 Qf3+ 50.Kb4 Qb7+
51.Kc3 Qc6+ 52.Bc4 Qxf6 53.exf6 Rxa4 54.g4 Ra1 55.g5 Rd1 56.Bd3 Kf8 57.b4 Ke8
58.Kd4 Rd2 59.Ke5 Rf2 60.b5 Kd7 61.c4 Rd2 62.Be4 Re2 63.c5 Rb2 64.Bc6+ Kd8
65.Kd6 Rd2+ 66.Bd5 Rd1 67.f5 Rf1 68.fxg6 fxg6 69.f7  1-0

[Event "Turkish Bank Chess League 2012"]
[Site "Konya TUR"]
[Date "2012.07.15"]
[Round "5"]
[White "Ozen,A"]
[Black "Ozkan,E"]
[Result "0-1"]
[WhiteElo "1678"]
[BlackElo "2227"]

1.e4 e6 2.d4 d5 3.Nc3 Nf6 4.e5 Nfd7 5.Nf3 c5 6.dxc5 Nc6 7.Bf4 Bxc5 8.Bd3 h6
9.h4 Be7 10.Qd2 Nc5 11.Kf1 Nxd3 12.cxd3 b6 13.a3 a5 14.h5 Ba6 15.Ne2 d4 16.Rc1 Qd5
17.Bg3 Rc8 18.Bh4 Nxe5 19.Rxc8+ Bxc8 20.Qc2 Bb7 21.Qc7 Bxh4 22.Rxh4 Nxf3
23.gxf3 O-O 24.Qxb6 e5 25.f4 e4 26.Qxd4 exd3 27.Qxd5 dxe2+ 28.Kxe2 Bxd5 29.b4 axb4
30.axb4 f5 31.Kd3 Kf7 32.Kd4 Ke6 33.Rh3 Rc8 34.Rh4 Rf8 35.Rh3 Rc8 36.Rg3 Rc4+
37.Kd3 Kf7 38.b5 Rb4 39.Rg6 Be6 40.Ke3 Rxb5 41.Kf3 Rb3+ 42.Kg2 Bd5+ 43.f3 Bxf3+
44.Kg3 Bxh5+ 45.Kh4 Rh3+  0-1

[Event "35th Taminco Open"]
[Site "Ghent BEL"]
[Date "2012.07.17"]
[Round "7.1"]
[White "Solodovnichenko,Y"]
[Black "Ikonnikov,Vy"]
[Result "1/2-1/2"]
[WhiteElo "2598"]
[BlackElo "2537"]

1.e4 e6 2.d4 d5 3.Nc3 Nf6 4.e5 Nfd7 5.f4 c5 6.Nf3 Nc6 7.Be3 cxd4 8.Nxd4 Qb6
9.Qd2 Qxb2 10.Rb1 Qa3 11.Bb5 Nxd4 12.Bxd4 a6 13.Bxd7+ Bxd7 14.Rb3 Qe7 15.Rxb7 Qh4+
16.Bf2 Qd8 17.Bb6 Qc8 18.Rc7 Qd8 19.Qd4 Rc8 20.Ra7 Qh4+ 21.g3 Qh3 22.Rxd7 Kxd7
23.Qa4+ Rc6 24.Qxa6 Rxc3 25.Qb7+ Ke8 26.Qa8+ Kd7 27.Qa4+ Kc8 28.Qa6+ Kd7
29.Qa4+ Kc8 30.Qa6+ Kd7 31.Qa4+  1/2-1/2

[Event "16th Battle of Senta Open A"]
[Site "Senta SRB"]
[Date "2012.07.18"]
[Round "6.2"]
[White "Strugnell,C"]
[Black "Gleizerov,E"]
[Result "0-1"]
[WhiteElo "2234"]
[BlackElo "2565"]

1.e4 e6 2.d4 d5 3.Nc3 Nf6 4.e5 Nfd7 5.f4 c5 6.Nf3 Nc6 7.Be3 Be7 8.Be2 O-O
9.O-O b6 10.Qd2 f5 11.exf6 Nxf6 12.Bb5 Qc7 13.Bxc6 Qxc6 14.Ne5 Qe8 15.Rae1 Ba6
16.Rf3 Rd8 17.Rh3 Nh5 18.Rf3 Nf6 19.Rh3 Rc8 20.Kh1 Nd7 21.Nxd7 Qxd7 22.dxc5 bxc5
23.Ne4 Qc6 24.Ng3 Bb7 25.Bg1 Rce8 26.Qe2 Bd6 27.Qh5 h6 28.f5 d4 29.Ne4 exf5
30.Qg6 Rxe4 31.Rxh6  0-1

[Event "Turkish Bank Chess League 2012"]
[Site "Konya TUR"]
[Date "2012.07.19"]
[Round "10"]
[White "Tuncer,Tuna"]
[Black "Coban,Men"]
[Result "1-0"]
[WhiteElo "1770"]
[BlackElo "1925"]

1.e4 e6 2.d4 d5 3.Nc3 Nf6 4.e5 Nfd7 5.f4 c5 6.Nf3 Nc6 7.Be3 a6 8.Qd2 Qa5
9.Be2 cxd4 10.Nxd4 Bb4 11.O-O Nc5 12.Nb3 Bxc3 13.bxc3 Nxb3 14.axb3 Qc7 15.b4 O-O
16.Bc5 Re8 17.Bd3 Bd7 18.Rf3 g6 19.Qf2 Ne7 20.Rh3 Nf5 21.g4 Ng7 22.Qh4 h5
23.gxh5 Nxh5 24.Be2 Qd8 25.Bxh5 Qxh4 26.Rxh4 gxh5 27.Kf2 f5 28.Rxh5 Kf7 29.Rh7+ Kg6
30.Rxd7 Rh8 31.Rg1+ Kh6 32.Rdg7 Rae8 33.R1g5 b5 34.Kg3 Rc8 35.Kh4  1-0

[Event "Turkish Bank Chess League 2012"]
[Site "Konya TUR"]
[Date "2012.07.19"]
[Round "10"]
[White "Komut,K"]
[Black "Genc,C"]
[Result "0-1"]
[WhiteElo "1996"]
[BlackElo "2203"]

1.e4 e6 2.d4 d5 3.Nc3 Nf6 4.e5 Nfd7 5.f4 c5 6.Nf3 Nc6 7.Be3 Be7 8.Be2 O-O
9.O-O a6 10.Kh1 b5 11.a3 Qb6 12.dxc5 Bxc5 13.Bxc5 Qxc5 14.Bd3 f5 15.Ng5 Nb6
16.Qh5 h6 17.Rae1 Qe7 18.Nf3 b4 19.Ne2 Nc4 20.Bxc4 dxc4 21.axb4 Nxb4 22.Nfd4 Bb7
23.Qg6 Rfe8 24.Ng3 Qf7 25.Qxf7+ Kxf7 26.Ndxf5 exf5 27.Nxf5 Kg8 28.Nd6 Re7
29.Nxc4 Nxc2 30.Re2 Nd4 31.Rd2 Nf5 32.Kg1 h5 33.h3 h4 34.Rfd1 Bc6 35.Kf2 Ng3
36.Nd6 Rf8 37.Ke3 g5 38.fxg5 Nf1+ 39.Kd4  0-1

[Event "5th Paleochora Open"]
[Site "Paleochora GRE"]
[Date "2012.07.21"]
[Round "7.2"]
[White "Sivuk,V"]
[Black "Volkov,Sergey1"]
[Result "0-1"]
[WhiteElo "2467"]
[BlackElo "2594"]

1.e4 e6 2.d4 d5 3.Nc3 Nf6 4.e5 Nfd7 5.f4 c5 6.Nf3 Nc6 7.Be3 Be7 8.Qd2 O-O
9.Be2 b6 10.O-O Bb7 11.Nd1 a5 12.a4 Ba6 13.Bxa6 Rxa6 14.Nc3 cxd4 15.Nxd4 Nxd4
16.Bxd4 Nc5 17.Qe2 Ra8 18.Rad1 Qd7 19.b3 Rad8 20.Qg4 Qc6 21.Rf3 Ne4 22.Rh3 g6
23.Qe2 Rd7 24.Nb5 Rc8 25.c3 Nc5 26.Rb1 Ne4 27.Qe3 h5 28.Qe2 Qb7 29.Rf1 Bc5
30.Rd1 Rdd8 31.Rdd3 Qe7 32.Kf1 Bxd4 33.Rxd4 f6 34.Rxe4 dxe4 35.Rg3 Kh7 36.Qxe4 Rd1+
37.Ke2 f5 38.Qc2 Rh1 39.Nd6 Rc5 40.Rh3 Rd5 41.b4 Qc7 42.Qb3 Qc6 43.Rg3 h4
44.Rg5 Rxd6 45.exd6 Qe4+ 46.Kd2 Qxf4+ 47.Kd3 Qe4+ 48.Kd2 Re1  0-1

[Event "5th Paleochora Open"]
[Site "Paleochora GRE"]
[Date "2012.07.23"]
[Round "9.19"]
[White "Videnova,I"]
[Black "Jonsson,K"]
[Result "1-0"]
[WhiteElo "2328"]
[BlackElo "2117"]

1.e4 e6 2.d4 d5 3.Nc3 Nf6 4.e5 Nfd7 5.f4 c5 6.Nf3 Nc6 7.Be3 a6 8.Qd2 b5 9.a3 Qb6
10.Ne2 Bb7 11.dxc5 Bxc5 12.Ned4 Qc7 13.b4 Nxd4 14.Nxd4 Be7 15.Bd3 Nb6 16.O-O Nc4
17.Qc3 Rc8 18.Bf2 g5 19.fxg5 Bxg5 20.Nf3 Bh6 21.Qd4 Kd7 22.Qh4 Be3 23.Bxe3 Nxe3
24.Rf2 Rcf8 25.Qd4 Nc4 26.a4 Rhg8 27.axb5 axb5 28.Bxh7 Rg7 29.Bd3 Rfg8 30.h3 Rg3
31.Re1 Kc8 32.Kf1 Kb8 33.Nh2 f5 34.exf6 e5 35.Qh4 e4 36.f7 Rf8 37.Bxc4 bxc4
38.Qf6 e3 39.Rf3 d4 40.Qxd4 Bxf3 41.Nxf3 Rxf7 42.Rxe3 Rg8 43.Re5 Qc6 44.Rd5 Rfg7
45.Qe5+ Ka8 46.Qe4 Rc8 47.b5 Re7 48.Qd4 Qh6 49.Rg5 Rf8 50.Qd5+ Kb8 51.Kg1 Qf6
52.c3 Qf4 53.Rg4 Qe3+ 54.Kh2 Rfe8 55.Rxc4 Re4 56.Qd6+ Ka8 57.Qa6+ Kb8 58.Qd6+ Ka8
59.Rc7 Qf4+ 60.Qxf4 Rxf4 61.Nd4 Kb8 62.b6  1-0

[Event "23rd Czech Open A"]
[Site "Pardubice CZE"]
[Date "2012.07.27"]
[Round "8.33"]
[White "Oparin,G"]
[Black "Kutynec,V"]
[Result "1-0"]
[WhiteElo "2480"]
[BlackElo "2262"]

1.e4 e6 2.d4 d5 3.Nc3 Nf6 4.e5 Nfd7 5.f4 c5 6.Nf3 Nc6 7.Be3 a6 8.Qd2 b5 9.a3 Bb7
10.Be2 cxd4 11.Nxd4 Bc5 12.Nxc6 Bxc6 13.Bxc5 Nxc5 14.Bf3 Qb6 15.Ne2 a5 16.Nd4 O-O
17.Qe3 Ne4 18.Bxe4 dxe4 19.O-O Rfd8 20.Nf5 Qxe3+ 21.Nxe3 f5 22.exf6 gxf6
23.Rfd1 Kf7 24.Kf2 Ke7 25.Rxd8 Rxd8 26.Rd1 Bd5 27.g4 Rc8 28.h4 h6 29.f5 Bc6
30.Kg3 h5 31.g5 fxg5 32.hxg5 exf5 33.Nxf5+ Kf8 34.Rd6 Re8 35.Rxc6 e3 36.Nxe3 Rxe3+
37.Kh4 Kg7 38.Kxh5 Rh3+ 39.Kg4 Rh2 40.Kf5 Rf2+ 41.Ke4 Rd2 42.Rc5 b4 43.a4  1-0

[Event "23rd Czech Open A"]
[Site "Pardubice CZE"]
[Date "2012.07.27"]
[Round "8.25"]
[White "Ivanov,Ol UKR"]
[Black "Jorczik,J"]
[Result "1-0"]
[WhiteElo "2506"]
[BlackElo "2399"]

1.e4 e6 2.d4 d5 3.Nc3 Nf6 4.e5 Nfd7 5.f4 c5 6.Nf3 Nc6 7.Be3 Be7 8.Qd2 O-O
9.dxc5 Bxc5 10.O-O-O Qa5 11.Bxc5 Nxc5 12.h4 Bd7 13.Rh3 b5 14.f5 exf5 15.Bxb5 Rfb8
16.Bxc6 Bxc6 17.Nd4 Qb6 18.b3 Bd7 19.Nxd5 Qa6 20.Kb1 f4 21.e6 fxe6 22.Nc7 Qb7
23.Qxf4 Rf8 24.Qe5 Rac8 25.Qxc5 e5 26.Rc3 exd4 27.Rxd4 Rf7 28.Qe5 Qxg2 29.Kb2 Bf5
30.Nd5 Qf2 31.Rd2  1-0

[Event "23rd Czech Open A"]
[Site "Pardubice CZE"]
[Date "2012.07.28"]
[Round "9.11"]
[White "Gopal,G"]
[Black "Piorun,K"]
[Result "0-1"]
[WhiteElo "2550"]
[BlackElo "2489"]

1.e4 e6 2.d4 d5 3.Nc3 Nf6 4.e5 Nfd7 5.f4 c5 6.Nf3 Nc6 7.Be3 Qb6 8.Na4 Qa5+
9.c3 c4 10.b4 Qc7 11.Be2 Be7 12.O-O f5 13.Bf2 Nf8 14.Bh4 Nd8 15.Qe1 h6 16.Nb2 Nf7
17.Bxe7 Qxe7 18.Nd2 Bd7 19.a4 Rg8 20.Kh1 g5 21.Bh5 O-O-O 22.g3 Nh8 23.Nd1 Be8
24.Bxe8 Qxe8 25.Ne3 Rd7 26.b5 Rdg7 27.Qe2 Qd8 28.a5 Kb8 29.a6 b6 30.Nc2 gxf4
31.Rxf4 Nfg6 32.Rf2 Qe8 33.Rb1 Nf7 34.Qh5 Ne7 35.Nf3 Qd7 36.Rff1 Ng5 37.Nd2 Ne4
38.Nxe4 dxe4 39.Qxh6 Nd5 40.Qd2 f4 41.gxf4 Qe8 42.Rg1 Qxb5 43.Ne3 Nxf4 44.Rgf1 Nh3
45.Qe1 Qxb1 46.Qxb1 Rg1+  0-1

[Event "PAB Romania Open 2012"]
[Site "Arad ROU"]
[Date "2012.07.29"]
[Round "4.17"]
[White "Gheorghiu,C"]
[Black "Meszaros,An"]
[Result "0-1"]
[WhiteElo "2001"]
[BlackElo "2296"]

1.e4 e6 2.d4 d5 3.Nc3 Nf6 4.e5 Nfd7 5.f4 a6 6.Nf3 c5 7.Be3 Nc6 8.Qd2 b5 9.a3 Qb6
10.Ne2 Rb8 11.dxc5 Bxc5 12.Ned4 b4 13.axb4 Bxb4 14.c3 Bc5 15.Rb1 a5  0-1

[Event "Politiken Cup 2012"]
[Site "Helsingor DEN"]
[Date "2012.07.29"]
[Round "2.34"]
[White "Rydstrom,Tom"]
[Black "Carlstedt,J"]
[Result "0-1"]
[WhiteElo "2046"]
[BlackElo "2352"]

1.e4 e6 2.d4 d5 3.Nc3 Nf6 4.e5 Nfd7 5.f4 c5 6.Nf3 Nc6 7.Be3 Be7 8.Qd2 O-O
9.Be2 a6 10.O-O b5 11.a3 Qb6 12.Kh1 cxd4 13.Nxd4 Bc5 14.Rad1 Bb7 15.Bf3 Nxd4
16.Bxd4 Bxd4 17.Qxd4 Qxd4 18.Rxd4 Rac8 19.Be2 f6 20.exf6 gxf6 21.Bf3 Nb6
22.Re1 Rfe8 23.h3 e5 24.fxe5 fxe5 25.Rg4+ Kh8 26.Rg5 e4 27.Bh5 Rg8 28.Re5 Nc4
29.Re7 Rg7 30.Rxg7 Kxg7 31.Nd1 d4 32.Bg4 Rc7 33.Kg1 Kg6 34.Be6 Ne5 35.Re2 Re7
36.Bb3 Nd7 37.Ba2 Nb6 38.Nf2 e3 39.Nd3 Nc4 40.Nf4+ Kf5 41.Nd3 Be4 42.Kf1 Rc7
43.Ke1 Bxd3 44.cxd3 Ne5 45.g4+ Kf4 46.Kf1 Rc1+ 47.Kg2 Nf3  0-1

[Event "24th ch-Southern California 2012"]
[Site "Monterey Park USA"]
[Date "2012.07.29"]
[Round "7"]
[White "Krishnan,V"]
[Black "Stein,J"]
[Result "1-0"]
[WhiteElo "2146"]
[BlackElo "2128"]

1.e4 e6 2.d4 d5 3.Nc3 Nf6 4.e5 Nfd7 5.f4 c5 6.Nf3 Nc6 7.Be3 cxd4 8.Nxd4 Bc5
9.Qd2 O-O 10.O-O-O a6 11.h4 Nxd4 12.Bxd4 b5 13.h5 b4 14.Ne2 a5 15.g4 Ba6
16.g5 Bxd4 17.Nxd4 Bxf1 18.Rdxf1 Nc5 19.g6 Ne4 20.h6 fxg6 21.Qh2 Re8 22.hxg7 h5
23.Rfg1 Qb6 24.Rxg6 Qxd4 25.Qxh5 Kf7 26.g8=Q+ Rxg8 27.Rxg8+ Kxg8 28.Qg6+ Kf8
29.Rh8+  1-0

[Event "Tabor Open 2012"]
[Site "Tabor CZE"]
[Date "2012.07.29"]
[Round "1.38"]
[White "Bartos,A"]
[Black "Kral,L"]
[Result "1-0"]
[WhiteElo "2082"]
[BlackElo "1665"]

1.e4 e6 2.d4 d5 3.Nc3 Nf6 4.e5 Nfd7 5.f4 c5 6.Nf3 Nc6 7.Be3 cxd4 8.Nxd4 Bc5
9.Nxc6 bxc6 10.Bxc5 Nxc5 11.Qg4 O-O 12.O-O-O Rb8 13.Bd3 Qb6 14.b3 Qa5 15.Kb2 Rb6
16.Qh4 g6 17.Qe1 d4 18.Ne4 Qxe1 19.Rhxe1 Nxe4 20.Bxe4 c5 21.Rd2 Bb7 22.Bd3 Bd5
23.Be4 Bxe4 24.Rxe4 Rc8 25.c3 dxc3+ 26.Kxc3 Kf8 27.Rd7 Rbc6 28.Rxa7 Ke8 29.Rea4 h5
30.Kc4  1-0

[Event "ch-AUT 2012"]
[Site "Zwettl AUT"]
[Date "2012.07.29"]
[Round "9.9"]
[White "Halvax,G"]
[Black "Neubauer,M"]
[Result "0-1"]
[WhiteElo "2301"]
[BlackElo "2433"]

1.e4 e6 2.d4 d5 3.Nc3 Nf6 4.e5 Nfd7 5.f4 c5 6.Nf3 Nc6 7.Be3 a6 8.Qd2 b5 9.a3 Bb7
10.Nd1 g5 11.Nxg5 cxd4 12.Bxd4 Nxd4 13.Qxd4 Bg7 14.Qd2 Qe7 15.Bd3 f6 16.exf6 Bxf6
17.Nf3 e5 18.fxe5 Nxe5 19.O-O O-O-O 20.Bf5+ Kb8 21.Qf4 Ka8 22.Nc3 Nc4 23.a4 Qe3+
24.Qxe3 Nxe3 25.axb5 Nxf5 26.bxa6 Bc6 27.Nd1 Rhe8 28.c3 d4 29.Nxd4 Nxd4 30.Rxf6 Nb3
31.Ra3 Rxd1+ 32.Kf2 Rd2+ 33.Kg3 Rxg2+ 34.Kh3 Re3+ 35.Kh4 Bd7  0-1

[Event "Politiken Cup 2012"]
[Site "Helsingor DEN"]
[Date "2012.07.30"]
[Round "4.32"]
[White "Rydstrom,Tom"]
[Black "Ochsner,B"]
[Result "0-1"]
[WhiteElo "2046"]
[BlackElo "2290"]

1.e4 e6 2.d4 d5 3.Nc3 Nf6 4.e5 Nfd7 5.f4 c5 6.Nf3 Nc6 7.Be3 a6 8.Qd2 Be7
9.Be2 O-O 10.O-O b5 11.Kh1 Qb6 12.Nd1 f6 13.c3 Bb7 14.Nf2 b4 15.f5 fxe5 16.fxe6 exd4
17.cxd4 Nf6 18.dxc5 Bxc5 19.Bxc5 Qxc5 20.Bd3 Rae8 21.Rae1 Qd6 22.Ng5 Ne5
23.Bf5 d4 24.Qf4 Qd5 25.Qg3 Nh5 26.Bxh7+ Kh8 27.Qh3 Nf4 28.Be4+ Nxh3 29.Bxd5 Nxf2+
30.Kg1 Nfd3 31.Bxb7 Nxe1 32.Rxe1 Nd3 33.Re2 Nf4 34.Re4 Kg8 35.g3 Nd3 36.e7 Rf5
37.h4 Nc5 38.Bc6 Nxe4 39.Bxe8 Nxg5 40.Bd7 Re5 41.e8=Q+ Rxe8 42.Bxe8 Ne4 43.Kg2 Nd2
44.Kf2 Kf8 45.Ba4 Nc4 46.b3 Ne5 47.Ke2 Kf7 48.Kd2 Kf6 49.Be8 Kf5 50.Bh5 Ke4
51.Bd1 Nf3+ 52.Ke2 Ne5 53.h5 Kf5 54.Kd2 Ke4 55.Ke1 Ke3 56.g4 Nf7 57.Be2 d3
58.Bd1 Ng5  0-1

[Event "PAB Romania Open 2012"]
[Site "Arad ROU"]
[Date "2012.07.31"]
[Round "6.8"]
[White "Vedmediuc,S"]
[Black "Meszaros,An"]
[Result "1/2-1/2"]
[WhiteElo "2468"]
[BlackElo "2296"]

1.e4 e6 2.d4 d5 3.Nc3 Nf6 4.e5 Nfd7 5.f4 c5 6.Nf3 Nc6 7.Ne2 b5 8.f5 exf5
9.Nf4 cxd4 10.e6 fxe6 11.Nxe6 Qe7 12.Qe2 Nde5 13.Nxe5 Nxe5 14.Nf4 d3 15.cxd3 Bb7
16.Be3 g5 17.Nh5 O-O-O 18.Bxa7 Qb4+ 19.Qd2 Qh4+ 20.Qf2 Bb4+ 21.Kd1 Qxh5+
22.Be2 Qg6 23.Rc1+ Nc6 24.Qb6 Rhe8 25.d4 Rd7 26.Bxb5 Rc7 27.Bxc6 Qh5+ 28.Kc2 Rxc6+
29.Kb1 Bc3 30.Rxc3 Rxc3 31.bxc3 Qe2 32.Rc1 Qc4 33.Qf6 Bc6 34.Qxf5+ Bd7 35.Qc2 Re2
36.Qb3 Bf5+ 37.Ka1 Qxb3 38.axb3 Rxg2 39.c4 Rxh2 40.cxd5+ Kb7 41.Bc5 Be4 42.d6 Rh1
43.Rxh1 Bxh1 44.d7 Kc7 45.Be7  1/2-1/2

[Event "Politiken Cup 2012"]
[Site "Helsingor DEN"]
[Date "2012.07.31"]
[Round "5.11"]
[White "Rasmussen,A"]
[Black "Hillarp Persson,T"]
[Result "1/2-1/2"]
[WhiteElo "2496"]
[BlackElo "2575"]

1.e4 e6 2.d4 d5 3.Nc3 Nf6 4.e5 Nfd7 5.f4 c5 6.Nf3 Nc6 7.Be3 Be7 8.Qd2 O-O
9.Be2 b6 10.O-O f5 11.exf6 Nxf6 12.Kh1 c4 13.Ne5 Bb7 14.Bf3 Bb4 15.a3 Ba5
16.b4 cxb3 17.cxb3 Bxc3 18.Qxc3 Rc8 19.Qb2 Ne7 20.g4 Ne4 21.Rac1 Nc6 22.Kg2 Nxe5
23.Rxc8 Qxc8 24.dxe5 Nc5 25.Kg3 Ne4+ 26.Kg2 Nc5 27.Kg3 Ne4+  1/2-1/2

[Event "Politiken Cup 2012"]
[Site "Helsingor DEN"]
[Date "2012.07.31"]
[Round "5.6"]
[White "L'Ami,E"]
[Black "Schlecht,D"]
[Result "1-0"]
[WhiteElo "2615"]
[BlackElo "2379"]

1.e4 e6 2.d4 d5 3.Nc3 Nf6 4.e5 Nfd7 5.f4 c5 6.Nf3 Nc6 7.Be3 Be7 8.Be2 O-O
9.O-O b6 10.Nb1 cxd4 11.Nxd4 Nxd4 12.Bxd4 a5 13.Nd2 Ba6 14.Bxa6 Rxa6 15.Nf3 Nc5
16.Qe2 Ra8 17.Qb5 Qd7 18.Qxd7 Nxd7 19.Kf2 Rfc8 20.Rac1 b5 21.g4 Rc6 22.Ke3 Rac8
23.Rf2 Nc5 24.c3 Na4 25.Rfc2 Nc5 26.Nd2 Nd7 27.h4 Nb6 28.h5 Nc4+ 29.Nxc4 Rxc4
30.Kd3 R4c6 31.b3 Ba3 32.Rf1 Bc5 33.f5 Bxd4 34.Kxd4 a4 35.fxe6 fxe6 36.g5 axb3
37.axb3 b4 38.c4 dxc4 39.Rxc4 Rd8+ 40.Ke3 Rxc4 41.bxc4 Rc8 42.Kd4 Rd8+ 43.Kc5 b3
44.Rb1 Rb8 45.Kd4 b2 46.Kc3 Rf8 47.Rxb2 Rf5 48.g6 hxg6 49.hxg6 Kf8 50.Rb8+ Ke7
51.Rb7+ Kf8 52.Kd4 Rg5 53.c5 Rg4+ 54.Kd3 Rxg6 55.c6 Rg3+ 56.Kd4 Rg4+ 57.Kc5 Rg1
58.c7 Rc1+ 59.Kd6  1-0

[Event "Politiken Cup 2012"]
[Site "Helsingor DEN"]
[Date "2012.08.01"]
[Round "6.52"]
[White "Nielsen,JanM"]
[Black "Pettersen,J"]
[Result "1/2-1/2"]
[WhiteElo "2130"]
[BlackElo "2007"]

1.e4 e6 2.d4 d5 3.Nc3 Nf6 4.e5 Nfd7 5.f4 c5 6.Nce2 Nc6 7.c3 Qb6 8.Qb3 cxd4
9.Qxb6 Nxb6 10.Nxd4 Nxd4 11.cxd4 Bd7 12.Bd3 Bb4+ 13.Ke2 O-O 14.Nf3 Rac8 15.Bd2 Be7
16.b3 f6 17.g4 Ba3 18.Rab1 fxe5 19.fxe5 Be7 20.Rbg1 Be8 21.Rg3 Bg6 22.Bxg6 hxg6
23.Rc1 Nd7 24.Rgg1 Nb8 25.Bg5 Ba3 26.Rxc8 Rxc8 27.Kd3 Nc6 28.Bd2 Be7 29.Rg2 Rf8
30.Rg3  1/2-1/2

[Event "Wasselonne Open 2012"]
[Site "Wasselonne FRA"]
[Date "2012.08.03"]
[Round "4.1"]
[White "Briet,A"]
[Black "Sumets,A"]
[Result "0-1"]
[WhiteElo "2306"]
[BlackElo "2616"]

1.e4 e6 2.d4 d5 3.Nc3 Nf6 4.e5 Nfd7 5.f4 c5 6.Nf3 Nc6 7.Be3 cxd4 8.Nxd4 Bc5
9.Qd2 O-O 10.O-O-O a6 11.Nb3 Bb4 12.Bd3 b5 13.g4 Bb7 14.Rhg1 Qe7 15.h4 Rfc8
16.Kb1 a5 17.Nd4 Bxc3 18.bxc3 Ba6 19.Ka1 Nxd4 20.Bxd4 Qa3 21.Rb1 b4 22.cxb4 Bxd3
23.cxd3 axb4 24.Rxb4 Nb8 25.Rgb1 Nc6 26.R4b3 Qa4 27.Bb6 Nd4 28.Bxd4 Qxd4+
29.Qb2 Qxf4 30.Rb4 Qg3 31.Rb8 h6 32.Rxc8+ Rxc8 33.Qd4 Qxh4 34.a4 h5 35.a5 Qxg4
36.Qxg4 hxg4  0-1

[Event "Politiken Cup 2012"]
[Site "Helsingor DEN"]
[Date "2012.08.04"]
[Round "9.46"]
[White "Rydstrom,Tom"]
[Black "Andersen,Mo"]
[Result "1-0"]
[WhiteElo "2046"]
[BlackElo "2181"]

1.e4 e6 2.d4 d5 3.Nc3 Nf6 4.e5 Nfd7 5.f4 c5 6.Nf3 Nc6 7.Be3 Qb6 8.Na4 Qa5+
9.c3 cxd4 10.b4 Qd8 11.Nxd4 Nxd4 12.Bxd4 Be7 13.Bd3 g6 14.O-O O-O 15.g4 f6
16.Qc2 fxe5 17.fxe5 Kg7 18.Rxf8 Bxf8 19.Rf1 b6 20.Qf2 Qe7 21.h4 Kg8 22.h5 Bg7
23.hxg6 hxg6 24.Bxg6 Nxe5 25.Bxe5 Bxe5 26.Qe3 Ba6 27.Bf7+ Kf8 28.Rf3 Bf6
29.Bxe6 Kg7 30.g5 Bxg5 31.Qe5+ Kh6 32.Rf7 Be3+ 33.Qxe3+ Qg5+ 34.Qxg5+ Kxg5
35.Bxd5 Rd8 36.c4 Bc8 37.b5 Re8 38.Rxa7 Bg4 39.Nxb6 Kh4 40.Ra3 Re1+ 41.Kf2 Re2+
42.Kf1 Rc2 43.Na4 Kg5 44.b6 Kf4 45.Rc3 Rxa2 46.b7 Ra1+ 47.Kf2 Ra2+ 48.Ke1 Re2+
49.Kf1  1-0

[Event "Politiken Cup 2012"]
[Site "Helsingor DEN"]
[Date "2012.08.04"]
[Round "9.10"]
[White "Ochsner,B"]
[Black "Schlecht,D"]
[Result "0-1"]
[WhiteElo "2290"]
[BlackElo "2379"]

1.e4 e6 2.d4 d5 3.Nc3 Nf6 4.e5 Nfd7 5.f4 c5 6.Nf3 Nc6 7.Be3 Be7 8.dxc5 Bxc5
9.Qd2 O-O 10.O-O-O Qa5 11.Bxc5 Nxc5 12.h4 Rb8 13.Rh3 b5 14.f5 exf5 15.Rg3 Ne7
16.h5 Ne6 17.Qh6 Ng6 18.Qd2 Ngf4 19.h6 g6 20.Kb1 b4 21.Ne2 Nxe2 22.Qxe2 Rb6
23.Qd2 Ba6 24.Bd3 Bxd3 25.cxd3 Ra6 26.b3 Rc8 27.d4 Rc3 28.Rh3 Rxb3+ 29.axb3 Qa1+
30.Kc2 Ra2+ 31.Kd3 Rxd2+ 32.Kxd2 Qc3+  0-1

[Event "11th Braunau Open A"]
[Site "Ranshofen AUT"]
[Date "2012.08.06"]
[Round "4.3"]
[White "Konguvel,P"]
[Black "Tratar,M"]
[Result "0-1"]
[WhiteElo "2319"]
[BlackElo "2492"]

1.e4 e6 2.d4 d5 3.Nc3 Nf6 4.e5 Nfd7 5.f4 c5 6.Nf3 Nc6 7.Be3 Be7 8.Qd2 O-O
9.dxc5 Bxc5 10.O-O-O Qa5 11.Bxc5 Nxc5 12.h4 Bd7 13.Rh3 Rfc8 14.Rg3 Ne7 15.Nd4 Na4
16.Nxa4 Qxd2+ 17.Rxd2 Bxa4 18.Ra3 Bd7 19.h5 a6 20.g4 Nc6 21.h6 Nxd4 22.Rxd4 gxh6
23.Rh3 Kg7 24.Rd2 Bb5 25.Bxb5 axb5 26.Rdh2 Rc4 27.f5 Rxg4 28.f6+ Kg6 29.Rxh6+ Kf5
30.R6h5+ Ke4 31.a3 h6 32.Re2+ Kf3 33.Kd2 Rd4+ 34.Ke1 Re4 35.Rh3+ Kf4 36.Rh4+ Kxe5
37.Rexe4+ dxe4 38.Rxh6 Rd8 39.Rh5+ Kxf6 40.Rxb5 Rd7 41.Ke2 Ke7 42.Ke3 f5
43.a4 Kf6 44.a5 Rd5 45.c4 Rd3+ 46.Kf2 f4 47.Rxb7 Rd2+ 48.Ke1 e3 49.Rb3 Ke5
50.a6 Kd4 51.Rb8 Rh2 52.Rf8 Kd3 53.Rd8+ Ke4 54.Kd1 Rxb2 55.a7 e2+ 56.Ke1 Ke3
57.Rb8 f3  0-1

[Event "16th HZ Open"]
[Site "Vlissingen NED"]
[Date "2012.08.06"]
[Round "4"]
[White "Jerez Perez,A"]
[Black "Tiggelman,R"]
[Result "1-0"]
[WhiteElo "2412"]
[BlackElo "2238"]

1.e4 e6 2.d4 d5 3.Nc3 Nf6 4.e5 Nfd7 5.f4 c5 6.Nf3 Nc6 7.Be3 a6 8.Qd2 b5 9.a3 g5
10.fxg5 cxd4 11.Nxd4 Ndxe5 12.Be2 h6 13.g6 fxg6 14.O-O Bd6 15.Rae1 Bd7 16.Nxc6 Bxc6
17.Bd4 Qc7 18.Qe3 Bd7 19.Nxd5 exd5 20.Bxe5 O-O-O 21.Bxd6 Qxd6 22.Qa7 Rde8
23.a4 Re7 24.axb5 Bf5 25.Qf2 axb5 26.Bxb5 Rc7 27.Bd3 Bxd3 28.cxd3 Rb7 29.Kh1 Qb6
30.d4 Qd6 31.Ra1 Kb8 32.Qd2 Rf8 33.Rxf8+ Qxf8 34.Qa5 Qd6 35.Qa8+ Kc7 36.Rc1+ Kb6
37.Qc8 Re7 38.h3 Re4 39.Qc3  1-0

[Event "16th HZ Open"]
[Site "Vlissingen NED"]
[Date "2012.08.06"]
[Round "4"]
[White "Gunther,M"]
[Black "Herbold,M"]
[Result "0-1"]
[WhiteElo "1956"]
[BlackElo "2126"]

1.e4 e6 2.d4 d5 3.Nc3 Nf6 4.e5 Nfd7 5.f4 c5 6.Nf3 Nc6 7.Be3 a6 8.Qd2 b5 9.dxc5 Bxc5
10.O-O-O Qb6 11.Bxc5 Nxc5 12.h4 b4 13.Ne2 Ne4 14.Qe1 Nf2 15.Rg1 Nxd1 16.Qxd1 Bd7
17.Ned4 Nxd4 18.Nxd4 h5 19.Be2 g6 20.Rh1 O-O-O 21.Rh3 Kb7 22.a3 a5 23.Qd2 Ra8
24.Kb1 Rhb8 25.axb4 axb4 26.Rb3 Kc8 27.c3 Qa5 28.Rxb4 Qa1+ 29.Kc2 Ra2 30.Bb5 Raa8
31.c4 Qa7 32.cxd5 exd5 33.Qc3+ Qc7 34.Bxd7+ Kxd7 35.Nb5 Qxc3+ 36.Kxc3 Ra1
37.Kd4 Rg1 38.Kxd5 Rxg2 39.Ke4 Ke7 40.Kf3 Rg4 41.Nd4 Rxb4 42.Nc6+ Kd7 43.Nxb4 Rxh4
44.Nd5 Rh3+ 45.Ke4 Rb3 46.f5 h4 47.fxg6 fxg6 48.Nc3 Rxb2  0-1

[Event "38th Badalona Open A"]
[Site "Badalona ESP"]
[Date "2012.08.07"]
[Round "7.4"]
[White "Barrientos,S"]
[Black "Buchenau,F"]
[Result "0-1"]
[WhiteElo "2500"]
[BlackElo "2299"]

1.e4 e6 2.d4 d5 3.Nc3 Nf6 4.e5 Nfd7 5.f4 c5 6.Nf3 Nc6 7.Be3 a6 8.Qd2 b5 9.Nd1 b4
10.Be2 Qb6 11.c3 a5 12.O-O Be7 13.Bf2 g6 14.c4 dxc4 15.d5 exd5 16.Ne3 d4
17.Nd5 Qb7 18.Nxe7 Nxe7 19.Bxc4 Nb6 20.Be2 Be6 21.Rac1 Rc8 22.Bh4 Nbd5 23.Bd3 Ne3
24.Rf2 O-O 25.Bf6 N7d5 26.Be4 Bf5 27.Ng5 Bxe4 28.Nxe4 Nxf6 29.Nxf6+ Kg7 30.Rf3 Rfd8
31.b3 c4 32.bxc4 Rxc4 33.Rxc4 Nxc4 34.Qd3 Qc6 35.Rh3 h6 36.Rf3 Ne3 37.h4 Qc3
38.Qe4 Qd2  0-1

[Event "16th HZ Open"]
[Site "Vlissingen NED"]
[Date "2012.08.07"]
[Round "5"]
[White "Ganguly,S"]
[Black "Poetsch,H"]
[Result "1/2-1/2"]
[WhiteElo "2629"]
[BlackElo "2462"]

1.e4 e6 2.d4 d5 3.Nc3 Nf6 4.e5 Nfd7 5.f4 c5 6.Nf3 Nc6 7.Be3 cxd4 8.Nxd4 Qb6
9.Qd2 Qxb2 10.Rb1 Qa3 11.Bb5 Nxd4 12.Bxd4 a6 13.Bxd7+ Bxd7 14.Rb3 Qe7 15.Rxb7 Rc8
16.O-O Qa3 17.Rf3 Qa5 18.h3 Bc5 19.Kh2 Bc6 20.Rb3 O-O 21.Bxc5 Qxc5 22.Ne2 d4
23.Rg3 Ba4 24.Ra3 Bb5 25.f5  1/2-1/2